| 000 | 00840nas a2200253 4500 | ||
|---|---|---|---|
| 001 | BR9601514 | ||
| 003 | BR-BrBNA | ||
| 005 | 20231205095718.0 | ||
| 007 | ta | ||
| 008 | 230509b bl.|||p| |||| 00| 00por d | ||
| 040 |
_aBR-BrBNA _bpor _cBiblioteca Nacional de Agricultura |
||
| 041 | _a(Pt) | ||
| 072 | _aK10 | ||
| 100 | 1 | _aIritani, C. | |
| 100 | 1 | _aZanette, F. | |
| 100 | 1 | _aCislinski, J. | |
| 245 | 1 | _aAspectos anatomicos da cultura in vitro da Araucaria angustifolia. 1. Organizacao e desenvolvimento dos meristemas axilares ortotropicos de segmentos caulinares | |
| 650 | _aAraucaria | ||
| 650 | _aMeristema | ||
| 650 | _aCultura in Vitro | ||
| 773 | 0 |
_tActa Biologica Paranaense (Brazil) _xISSN 0301-2123 _g(Jan-Dec 1992), v. 21(1-4) p. 57-76 _wBR9601514 |
|
| 909 |
_a202311 _bLúcia _c55 _dLúcia Elande |
||
| 942 |
_2AGRIS _n0 _cANA |
||
| 999 |
_c152286 _d152286 |
||